| 000 | 00536nam a2200169 a 4500 | ||
|---|---|---|---|
| 005 | 20140311162608.0 | ||
| 008 | 140311b2002 ck ||||| |||| 00| 0 spa d | ||
| 041 | _aspa | ||
| 044 | _ack | ||
| 090 |
_aLB _b03304 |
||
| 110 |
_aColombia _bSistema de Parques Nacionales Naturales de Colombia _920277 |
||
| 245 | _aConservación en el Caribe colombiano a través de sueños y acciones | ||
| 260 |
_aSanta Marta _bSistemas de Parques Nacionales Naturales _bMinambiente _c2002 |
||
| 300 | _a84 p. | ||
| 942 |
_cImpreso _2z |
||
| 945 | _d2003-12-03 | ||
| 999 |
_c3521 _d3521 |
||